000 00765nam a2200241Ia 4500
001 10773
003 GE_BSU
008 181216s||||||||xx |||||||||||||| ||und||
040 _cGE_BSU
080 _a821.353.1-1
100 _aქებურია,ბელა
245 _aმოდით გაღიმებულს მომისწარით.
245 _bლექსები.
245 _cრედ.თეა თავბერიძე.
260 _aბათუმი.
260 _bალიონი.
260 _c2005.
300 _a271გვ;17სმ.
300 _e1ფ.პორტრეტი.
541 _h4ლ.20თ.
653 _aმოდით გაღიმებულს მომისწარით.
942 _cBK
999 _c44022
_d44022